<?xml version="1.0" encoding="UTF-8"?>
<record
    xmlns:xsi="http://www.w3.org/2001/XMLSchema-instance"
    xsi:schemaLocation="http://www.loc.gov/MARC21/slim http://www.loc.gov/standards/marcxml/schema/MARC21slim.xsd"
    xmlns="http://www.loc.gov/MARC21/slim">

  <leader>02338nam a2200361 i 4500</leader>
  <controlfield tag="001">000047548</controlfield>
  <controlfield tag="003">DO-SdBNP</controlfield>
  <controlfield tag="005">20260427110304.0</controlfield>
  <controlfield tag="007">ta</controlfield>
  <controlfield tag="008">090630s2010    dr      r     000 0 spa d</controlfield>
  <datafield tag="020" ind1=" " ind2=" ">
    <subfield code="a">9789945443592</subfield>
  </datafield>
  <datafield tag="040" ind1=" " ind2=" ">
    <subfield code="a">DO-SdBNP</subfield>
    <subfield code="b">spa</subfield>
    <subfield code="c">BNPHU</subfield>
    <subfield code="e">rda</subfield>
  </datafield>
  <datafield tag="082" ind1=" " ind2="4">
    <subfield code="a">330.97293</subfield>
    <subfield code="b">C744n, 2009</subfield>
    <subfield code="2">22</subfield>
  </datafield>
  <datafield tag="111" ind1=" " ind2=" ">
    <subfield code="a">Concurso Biblioteca Juan Pablo Duarte</subfield>
    <subfield code="9">6999</subfield>
  </datafield>
  <datafield tag="245" ind1="1" ind2="0">
    <subfield code="a">Nueva literatura econ&#xF3;mica dominicana :</subfield>
    <subfield code="b">premios del Concurso de Econom&#xED;a Biblioteca "Juan Pablo Duarte" 2009 /</subfield>
    <subfield code="c">Carlos Manual Gratereaux Hern&#xE1;ndez ; edici&#xF3;n,  Elvis Francis Soto, Albertina M&#xE9;ndez</subfield>
  </datafield>
  <datafield tag="264" ind1=" " ind2="1">
    <subfield code="a">Santo Domingo :</subfield>
    <subfield code="b">Banco Central de la Rep&#xFA;blica Dominicana,</subfield>
    <subfield code="c">2010</subfield>
  </datafield>
  <datafield tag="300" ind1=" " ind2=" ">
    <subfield code="a">xvii, 196 p&#xE1;ginas ;</subfield>
    <subfield code="c">23 cm.</subfield>
  </datafield>
  <datafield tag="336" ind1=" " ind2=" ">
    <subfield code="2">rdacontent</subfield>
    <subfield code="a">texto</subfield>
    <subfield code="b">txt</subfield>
  </datafield>
  <datafield tag="337" ind1=" " ind2=" ">
    <subfield code="2">rdamedia</subfield>
    <subfield code="a">sin mediaci&#xF3;n</subfield>
    <subfield code="b">n</subfield>
  </datafield>
  <datafield tag="338" ind1=" " ind2=" ">
    <subfield code="2">rdacarrier</subfield>
    <subfield code="a">volumen</subfield>
    <subfield code="b">nc</subfield>
  </datafield>
  <datafield tag="490" ind1=" " ind2=" ">
    <subfield code="a">Banco Central de la Rep&#xFA;blica Dominicana ;</subfield>
    <subfield code="v">158</subfield>
    <subfield code="a">Nueva literatura econ&#xF3;mica dominicana ;</subfield>
    <subfield code="v">13</subfield>
  </datafield>
  <datafield tag="500" ind1=" " ind2=" ">
    <subfield code="a">Incluye referencias bibliogr&#xE1;ficas y notas al pie de las p&#xE1;ginas</subfield>
  </datafield>
  <datafield tag="505" ind1="0" ind2=" ">
    <subfield code="a">Presentaci&#xF3;n --</subfield>
    <subfield code="t">Introducci&#xF3;n --</subfield>
    <subfield code="g">Primera parte --</subfield>
    <subfield code="t">Sostenibilidad del d&#xE9;ficit en cuenta corriente y vulnerabilidad externa de la econom&#xED;a dominicana //</subfield>
    <subfield code="r">Carlos Manuel Gratereaux --</subfield>
    <subfield code="g">Segunda parte :</subfield>
    <subfield code="t">Corrupci&#xF3;n en las aduanas : un problema de acci&#xF3;n colectiva. El caso de los pa&#xED;ses miembro del DR-CAFTA/</subfield>
    <subfield code="r">Marie Claire V&#xE1;squez Dur&#xE1;n --</subfield>
    <subfield code="g">Tercera parte :</subfield>
    <subfield code="t">Protegiendo a los m&#xE1;s vulnerables : impacto del r&#xE9;gimen subsidiado de salud en la Rep&#xFA;blica Dominicana /</subfield>
    <subfield code="r">Mar&#xED;a E. D&#xE1;valos, Indhira V. Santos</subfield>
    <subfield code="g">Cuarta parte :</subfield>
    <subfield code="t">Probabilidad de cambios en los precios medidos a partir de encuestas cualitativas de opini&#xF3;n empresarial /</subfield>
    <subfield code="r">Harold A. V&#xE1;squez Ruiz</subfield>
  </datafield>
  <datafield tag="590" ind1=" " ind2=" ">
    <subfield code="a">Inventariado, 2018/ VM</subfield>
  </datafield>
  <datafield tag="650" ind1=" " ind2="4">
    <subfield code="a">Finanzas</subfield>
    <subfield code="x">Rep&#xFA;blica Dominicana</subfield>
    <subfield code="v">Congresos, conferencias, etc.</subfield>
    <subfield code="9">75161</subfield>
  </datafield>
  <datafield tag="650" ind1=" " ind2="4">
    <subfield code="a">Pol&#xED;tica monetaria </subfield>
    <subfield code="z">Rep&#xFA;blica Dominicana</subfield>
    <subfield code="v">Congresos, conferencias, etc..</subfield>
    <subfield code="9">75181</subfield>
  </datafield>
  <datafield tag="651" ind1=" " ind2="4">
    <subfield code="a">Rep&#xFA;blica Dominicana</subfield>
    <subfield code="x">Condiciones econ&#xF3;micas</subfield>
    <subfield code="v">Congresos, conferencias, etc.</subfield>
    <subfield code="9">7000</subfield>
  </datafield>
  <datafield tag="651" ind1=" " ind2="4">
    <subfield code="a">Rep&#xFA;blica Dominicana</subfield>
    <subfield code="z">Pol&#xED;tica econ&#xF3;mica</subfield>
    <subfield code="v">Congresos, conferencias, etc.</subfield>
    <subfield code="9">75182</subfield>
  </datafield>
  <datafield tag="700" ind1="1" ind2=" ">
    <subfield code="a">Soto, Elvis Francis,</subfield>
    <subfield code="9">75162</subfield>
  </datafield>
  <datafield tag="710" ind1="2" ind2=" ">
    <subfield code="a">Banco Central de la Rep&#xFA;blica Dominicana.</subfield>
    <subfield code="b">Departamento Cultural.</subfield>
    <subfield code="9">7006</subfield>
  </datafield>
  <datafield tag="910" ind1=" " ind2=" ">
    <subfield code="a">Validado. Control de calidad MFF</subfield>
  </datafield>
  <datafield tag="942" ind1=" " ind2=" ">
    <subfield code="2">ddc</subfield>
    <subfield code="c">LBS1</subfield>
  </datafield>
  <datafield tag="952" ind1=" " ind2=" ">
    <subfield code="0">0</subfield>
    <subfield code="1">0</subfield>
    <subfield code="2">ddc</subfield>
    <subfield code="5">1</subfield>
    <subfield code="7">0</subfield>
    <subfield code="8">PD</subfield>
    <subfield code="a">BNPHU</subfield>
    <subfield code="b">BNPHU</subfield>
    <subfield code="c">HD</subfield>
    <subfield code="d">2018-06-26</subfield>
    <subfield code="e">Donaci&#xF3;n</subfield>
    <subfield code="l">0</subfield>
    <subfield code="o">BNPHU PD 330.97293 C744n 2009</subfield>
    <subfield code="p">47548-10</subfield>
    <subfield code="r">2020-06-25</subfield>
    <subfield code="w">2020-06-25</subfield>
    <subfield code="y">LBS1</subfield>
    <subfield code="Z">No se presta</subfield>
  </datafield>
  <datafield tag="952" ind1=" " ind2=" ">
    <subfield code="0">0</subfield>
    <subfield code="1">0</subfield>
    <subfield code="2">ddc</subfield>
    <subfield code="5">1</subfield>
    <subfield code="7">0</subfield>
    <subfield code="8">PD</subfield>
    <subfield code="a">BNPHU</subfield>
    <subfield code="b">BNPHU</subfield>
    <subfield code="c">HD</subfield>
    <subfield code="d">2023-10-04</subfield>
    <subfield code="e">Donaci&#xF3;n</subfield>
    <subfield code="l">0</subfield>
    <subfield code="o">BNPHU PD 330.97293 C744n 2009</subfield>
    <subfield code="p">2023-6686</subfield>
    <subfield code="r">2023-10-04</subfield>
    <subfield code="t">e.2</subfield>
    <subfield code="w">2023-10-04</subfield>
    <subfield code="y">LBS1</subfield>
  </datafield>
  <datafield tag="999" ind1=" " ind2=" ">
    <subfield code="c">47036</subfield>
    <subfield code="d">47036</subfield>
  </datafield>
</record>
